| Tag |
First Indicator |
Second Indicator |
Subfields |
| LEADER |
00000cam a22000001i 4500 |
| 001 |
in00004157635 |
| 005 |
20200117101321.0 |
| 006 |
m d f |
| 007 |
cr bn mmmapmmp |
| 008 |
181008s2017 mdu o f000 0 eng d |
| 024 |
8 |
|
|a hrghrg2017vah184116
|
| 024 |
8 |
|
|a chdc20180598
|
| 035 |
|
|
|a chdc20180598
|
| 040 |
|
|
|a UMI
|c UMI
|e rda
|d UtOrBLW
|
| 043 |
|
|
|a n-us---
|
| 086 |
0 |
|
|a Y4.V64/3:115-15
|
| 110 |
1 |
|
|a United States.
|b Congress.
|b House.
|b Committee on Veterans' Affairs.
|b Subcommittee on Oversight and Investigations,
|e issuing body.
|0 http://id.loc.gov/authorities/names/n81100874
|
| 245 |
1 |
0 |
|a VA Financial Management.
|
| 264 |
|
1 |
|a Bethesda, Md. :
|b ProQuest,
|c 2017.
|
| 300 |
|
|
|a 84 pages, digital, PDF file.
|
| 336 |
|
|
|a text
|2 rdacontent
|b txt
|
| 337 |
|
|
|a computer
|b c
|2 rdamedia
|
| 338 |
|
|
|a online resource
|2 rdacarrier
|b cr
|
| 500 |
|
|
|a Record is based on bibliographic data in ProQuest U.S. Congressional Hearings Digital Collection. Reuse except for individual research requires license from ProQuest, LLC.
|
| 500 |
|
|
|a "May 24, 2017."
|
| 500 |
|
|
|a Committee on Veterans' Affairs Serial Number 115-15.
|
| 538 |
|
|
|a System requirements: PDF reader software.
|
| 533 |
|
|
|a Electronic reproduction.
|b [Bethesda, Md.] :
|c ProQuest,
|d 2018.
|e digital, PDF file.
|n ProQuest Congressional Hearings Digital Collection.
|n Mode of access: World Wide Web via ProQuest website.
|
| 610 |
1 |
0 |
|a United States.
|b Department of Veterans Affairs.
|0 http://id.loc.gov/authorities/names/n87945386
|
| 650 |
|
0 |
|a Waste in government spending
|z United States.
|0 http://id.loc.gov/authorities/subjects/sh2008113372
|
| 650 |
|
0 |
|a Executive departments
|z United States
|x Finance
|x Management.
|
| 776 |
0 |
8 |
|i Microfiche version:
|a United States. Congress. House. Committee on Veterans' Affairs. Subcommittee on Oversight and Investigations.
|t VA Financial Management.
|o CIS 2018 H761-184116
|
| 856 |
4 |
0 |
|u http://proxy.library.tamu.edu/login?url=http://congressional.proquest.com/congcomp/getdoc?hearing-id=hrg-2017-vah-184116
|y electronic resource (pdf)
|z cis 2018 h761-184116
|t 0
|
| 999 |
f |
f |
|s aa478c83-3741-3312-a7bd-19821fa1da71
|i e03826d0-051d-3982-b43b-c5678caf825f
|t 0
|
| 952 |
f |
f |
|a Texas A&M University
|b College Station
|c Electronic Resources
|d Available Online
|t 0
|e Y4.V64/3:115-15
|h Superintendent of Documents classification
|
| 998 |
f |
f |
|a Y4.V64/3:115-15
|t 0
|l Available Online
|